Best Selling Cars - Beginning With A - Statistics

General Stats
  • This quiz has been taken 28 times
  • The average score is 6 of 20
Answer Stats
World Ranking Hint Answer % Correct
11 Honda Sedan Accord
86%
92 Audi A-Sedan A4 Sedan
82%
133 Audi A-Sedan A6 Sedan
82%
33 Nissan Sedan Altima
73%
153 Hyundai Sedan Accent
50%
186 Volkswagen Full-Size SUV Atlas
50%
145 Toyota Mid-Size Sedan Avalon
50%
267 Toyota City Car (EUR) Aygo
27%
164 Audi A-Hatchback A3 Hatchback
14%
250 Audi A-Sedan A3 Sedan
14%
244 Mercedes-Benz Sedan Class A-Class Sedan
14%
230 Toyota Minivan Alphard
14%
235 Renault Compact Crossover SUV (EUR) Arkana
14%
299 SEAT Crossover SUV Arona
14%
136 Toyota Full-Size SUV Avanza
14%
258 Mercedes-Benz Hatchback Class A-Class Hatchback
9%
294 Toyota Hybrid Compact Hatchback (Pruis C) Aqua
9%
306 Fiat Subcompact Car Argo
9%
222 Chery Electric Sedan Arrizo 5
5%
236 Wuling Compact Crossover SUV Asta
5%
No matching quizzes found
Score Distribution
Percent of People with Each Score
Percentile by Number Answered
Your Score History
You have not taken this quiz